Missing Word: Harry Potter Chapters Book 5 Quiz Stats

 Plays Quiz Updated Jul 15, 2019

Score 0/34 Timer 04:00
2 Plays Today
Chapter Title Missing Word % Correct
The Ministry of ____Magic
94%
____ LovegoodLuna
93.8%
The Order of the ____Phoenix
92.8%
The ____ Hat's New SongSorting
91.2%
____ ArmyDumbledore's
89.1%
The Noble and Most Ancient House
of ____
Black
85.1%
Detention with ____Dolores
84%
In the Hog's ____Head
83.8%
The Woes of Mrs ____Weasley
78.8%
Number Twelve, ____ PlaceGrimmauld
78.5%
St ____ Hospital for Magical Maladies and InjuriesMungo's
78.2%
Educational ____ Number Twenty-fourDecree
73.4%
The Department of ____Mysteries
72.1%
____ Umbridge Professor
71.5%
The Only ____ He Ever FearedOne
70.7%
The Second ____ BeginsWar
68.6%
The ____ High InquisitorHogwarts
62%
Chapter Title Missing Word % Correct
Beyond the ____Veil
61.1%
Fight and ____Flight
60.6%
Dudley ____Demented
60.2%
The Eye of the ____Snake
60.1%
A Peck of ____Owls
59.8%
Snape's ____ MemoryWorst
56.1%
____ and UnforeseenSeen
54.4%
Hagrid's ____Tale
44.3%
Out of the ____Fire
40.3%
Christmas on the ____ WardClosed
39.8%
The ____ ProphecyLost
39.2%
Careers ____Advice
38.2%
The ____ at BayBeetle
37.9%
The Lion and the ____Serpent
37.7%
The ____ GuardAdvance
36.9%
The Centaur and the ____Sneak
35.3%
Percy and ____Padfoot
33.9%

Today's Daily Dose

Missing Word
Celine Dion

Word Ladder
Dr. Seuss Books

Quick Pick
Cities in India

Get the Picture
'A' Actresses

You're not logged in!

Compare scores with friends on all Sporcle quizzes.
OR
Log In

Sporcle TV

Today on Sporcle TV


Watch our educational content, quiz creation guides, and fun videos on Sporcle TV.

Show Comments

Extras

Top Quizzes Today


Score Distribution

Your Account Isn't Verified!

In order to create a playlist on Sporcle, you need to verify the email address you used during registration. Go to your Sporcle Settings to finish the process.

Report this User

Report this user for behavior that violates our Community Guidelines.

Details: